000 01201nam a2200325 a 4500
001 000113455
003 CHAP
005 20220329144355.0
008 170628s2016 mx sm |||||||spa d
010 _a109916
011 _a110888
040 _cCHAP
090 _aTesis
100 1 _aRamos Jiménez, Jesús
_9132748
245 1 0 _aÍndice de satisfacción de necesidades hídricas para la zonificación agroclimática de la región Montañosa de Veracruz /
_h[En línea]
_cpor Jesús Ramos Jiménez.
260 _aChapingo, Méx. :
_bEl autor,
_c2016.
500 _aPara ver el contenido del material haga clic en la liga
502 _aTesis (Ing. en Irrigación) -- UACH. Departamento de Irrigación
590 _aE11695DGD
_b10
_c20170628
_lUCH01
_h1330
590 _aE8697GMM
_b05
_c20170628
_lUCH01
_h0850
590 _aE8697GMM
_b05
_c20170628
_lUCH01
_h0950
650 1 4 _aCultivos
_xAgua requerida.
_930224
650 1 4 _aCultivos
_xZonas de
_xVeracruz.
_930357
650 1 4 _aHortalizas
_xRendimiento.
_9130491
650 1 4 _aHorticultura
_xMejoramiento.
_956353
856 _aFinding aid
_uhttp://10.13.5.2/tesis/sist113455.pdf
_zTeclea aquí
901 _aBK
942 _cTESIS
942 _n0
999 _c109916
_d109916